Eltemették Lichteneckert Károlyt [rövid hír]
Elmentve itt :
| Dokumentumtípus: | Cikk |
|---|---|
| Megjelent: |
1927-12-08
|
| Sorozat: | Délmagyarország
3 No. 281 |
| Kulcsszavak: | Lichteneckert Károly, Temetés Szeged 1927 |
| Online Access: | http://dmarchiv.bibl.u-szeged.hu/38144 |
| LEADER | 00451nab a2200145 i 4500 | ||
|---|---|---|---|
| 001 | delm38144 | ||
| 005 | 20180927112919.0 | ||
| 008 | 180927s1927 hu o 0|| hun d | ||
| 040 | |a SZTE Délmagyarország Archívum |b hun | ||
| 041 | |a hun | ||
| 245 | 0 | 0 | |a Eltemették Lichteneckert Károlyt |h [elektronikus dokumentum] : |b [rövid hír] |
| 260 | |c 1927-12-08 | ||
| 300 | |a 10 | ||
| 490 | 0 | |a Délmagyarország |v 3 No. 281 | |
| 695 | |a Lichteneckert Károly, Temetés Szeged 1927 | ||